|
|
|
|
| LEADER |
02193nam a2200625 i 4500 |
| 001 |
nkc20183003370 |
| 003 |
CZ PrNK |
| 005 |
20181126160632.0 |
| 007 |
ta |
| 008 |
180622s2018 xr a e 001 0 cze |
| 015 |
|
|
|a cnb003003370
|
| 020 |
|
|
|a 978-80-7298-248-6
|q (Oikúmené ;
|q brožováno) :
|c Kč 148,00
|
| 035 |
|
|
|a (OCoLC)1065772635
|
| 040 |
|
|
|a ABA001
|b cze
|e rda
|
| 072 |
|
7 |
|a 13
|x Filozofie ducha
|2 Konspekt
|9 5
|
| 080 |
|
|
|a 159.923.2
|2 MRF
|
| 080 |
|
|
|a 101
|2 MRF
|
| 080 |
|
|
|a 159.923.35
|2 MRF
|
| 080 |
|
|
|a 130.122
|2 MRF
|
| 080 |
|
|
|a 165.62
|2 MRF
|
| 080 |
|
|
|a 1:167.2
|2 MRF
|
| 080 |
|
|
|a (048.8)
|2 MRF
|
| 100 |
1 |
|
|a Havel, Ivan M.,
|d 1938-2021
|7 jk01040219
|4 aut
|
| 245 |
1 |
0 |
|a Zápisky introspektora /
|c Ivan M. Havel
|
| 250 |
|
|
|a Vydání první
|
| 264 |
|
1 |
|a Praha :
|b OIKOYMENH,
|c 2018
|
| 300 |
|
|
|a 112 stran :
|b ilustrace ;
|c 21 cm
|
| 336 |
|
|
|a text
|b txt
|2 rdacontent
|
| 337 |
|
|
|a bez média
|b n
|2 rdamedia
|
| 338 |
|
|
|a svazek
|b nc
|2 rdacarrier
|
| 490 |
1 |
|
|a Oikúmené ;
|v svazek 193
|
| 500 |
|
|
|a "Vydal Filosofický ústav AV ČR, v.v.i., ve spolupráci se spolkem OIKOYMENH..."--Tiráž
|
| 504 |
|
|
|a Obsahuje bibliografii, bibliografické odkazy a rejstřík
|
| 650 |
0 |
7 |
|a introspekce
|7 ph917172
|2 czenas
|
| 650 |
0 |
7 |
|a introspekce
|7 ph917172
|x filozofické pojetí
|2 czenas
|
| 650 |
0 |
7 |
|a prožitek
|7 ph124691
|2 czenas
|
| 650 |
0 |
7 |
|a prožitek
|7 ph124691
|x filozofické pojetí
|2 czenas
|
| 650 |
0 |
7 |
|a fenomenologie
|7 ph114531
|2 czenas
|
| 650 |
0 |
7 |
|a analytická filozofie
|7 ph118413
|2 czenas
|
| 650 |
0 |
9 |
|a introspection
|2 eczenas
|
| 650 |
0 |
9 |
|a introspection
|x philosophical approach
|2 eczenas
|
| 650 |
0 |
9 |
|a experience
|2 eczenas
|
| 650 |
0 |
9 |
|a experience
|x philosophical approach
|2 eczenas
|
| 650 |
0 |
9 |
|a phenomenology
|2 eczenas
|
| 650 |
0 |
9 |
|a analytical philosophy
|2 eczenas
|
| 653 |
0 |
|
|a introspekce plus
|
| 655 |
|
7 |
|a studie
|7 fd133597
|2 czenas
|
| 655 |
|
9 |
|a studies
|2 eczenas
|
| 830 |
|
0 |
|a Oikúmené (OIKOYMENH)
|0 s
|
| 910 |
2 |
|
|a BOA001
|b 1-1418.076
|
| 928 |
9 |
|
|a Filosofický ústav AV ČR
|
| 990 |
|
|
|a BK
|
| 995 |
|
|
|a 01
|
| 991 |
|
|
|b 201811
|c NOV
|
| 996 |
6 |
|
|b 2610760856
|c 1-1418.076
|l MZK
|r Sklad / do 1 hodiny
|n 5
|p p.v.
|w 001694938
|u 000010
|a 1
|e BOA001
|j MZK50
|s P
|